Бездетные знаменитости - Армагеддон - Statistics

General Stats
  • This quiz has been taken 35 times
  • The average score is 3 of 17
Answers on the Grid
Answers color-coded by a green-red scale on the quiz's grid according to % correct below.
Винсент ван Гог
Курт Кобейн
Элвис Пресли
Алан Тьюринг
Аристотель
Орсон Уэллс
Иммануил Кант
Сид Вишес
Джим Моррисон
Мэрилин Монро
Александр Македонский
Исаак Ньютон
Егор Летов
Джон Леннон
Стэнли Кубрик
Майкл Джексон
Уолт Дисней
Фредди Меркьюри
Джером Сэлинджер
Зигмунд Фройд
Тупак Шакур
Иван Тургенев
Франц Кафка
Юрий Гагарин
Оззи Осборн
Дженис Джоплин
Джеймс Дин
Александр Пушкин
Льюис Кэрролл
Айзек Азимов
Иэн Кёртис
Боб Марли
Чарльз Диккенс
Дэвид Линч
Говард Лавкрафт
Сид Барретт
Эми Уайнхаус
Платон
Карл Маркс
Честер Беннингтон
 
Answer Stats
Answer % Correct
Винсент ван Гог
50%
Мэрилин Монро
30%
Егор Летов
25%
Алан Тьюринг
20%
Исаак Ньютон
20%
Тупак Шакур
20%
Платон
20%
Иммануил Кант
15%
Эми Уайнхаус
15%
Сид Вишес
10%
Джим Моррисон
10%
Франц Кафка
10%
Дженис Джоплин
10%
Джеймс Дин
10%
Говард Лавкрафт
5%
Сид Барретт
5%
Льюис Кэрролл
5%
No matching quizzes found
Score Distribution
Percent of People with Each Score
Percentile by Number Answered
Your Score History
You have not taken this quiz